[Event "Crema op 16th"]
[Site "Crema"]
[Date "2015.09.04"]
[Round "1"]
[White "Raimondi, Celso"]
[Black "Giordano, Massimiliano"]
[Result "0-1"]
[WhiteElo "1609"]
[BlackElo "1977"]
[PlyCount "90"]
[EventDate "2015.09.04"]
[EventType "swiss"]
[EventRounds "6"]
[EventCountry "ITA"]
[SourceTitle "EXT 2024"]
[Source "ChessBase"]
[SourceDate "2023.10.10"]
[SourceVersion "1"]
[SourceVersionDate "2023.10.10"]
[SourceQuality "1"]

1. d4 c6 2. c4 d5 3. Nc3 Nf6 4. Nf3 a6 5. e3 b5 6. cxd5 cxd5 7. Bd3 e6 8. 0-0 Bd6 9. e4 dxe4 10. Nxe4 Bb7 11. Re1 Nxe4 12. Bxe4 Bxe4 13. Rxe4 0-0 14. b3 Nd7 15. Bb2 Rc8 16. Rc1 Rxc1 17. Qxc1 Qc8 18. Re1 Qb7 19. Qe3 Rc8 20. Rc1 Nf6 21. h3 Nd5 22. Rxc8+ Qxc8 23. Qc1 Qxc1+ 24. Bxc1 Nc3 25. Bb2 Nxa2 26. Kf1 f6 27. Ke2 Kf7 28. Ne1 Nb4 29. Nd3 Nxd3 30. Kxd3 Ke7 31. Kc3 a5 32. Kd3 Bb4 33. g4 Kd6 34. Ke4 a4 35. bxa4 bxa4 36. h4 a3 37. Ba1 Bd2 38. h5 Bc1 39. Kd3 Bb2 40. Bxb2 axb2 41. Kc2 Kd5 42. f4 Kxd4 43. g5 fxg5 44. fxg5 Ke3 45. Kxb2 Kd2 0-1